Prácticas de lectura y escritura en la era digital /
Saved in:
| Andre forfattere: | |
|---|---|
| Format: | Electronisk eBog |
| Sprog: | spansk |
| Udgivet: |
Córdoba :
Editorial Brujas,
2018.
|
| Udgivelse: | 1a edición. |
| Serier: | Háblame de TIC ;
5. |
| Fag: | |
| Online adgang: | Digitalia Hispánica |
| Tags: |
Tilføj Tag
Ingen Tags, Vær først til at tagge denne postø!
|
MARC
| LEADER | 00000nam a2200000Ii 4500 | ||
|---|---|---|---|
| 001 | DIGBRUJ298 | ||
| 003 | NyNyDIG | ||
| 006 | m o d | ||
| 007 | cr ||||||||||| | ||
| 008 | 211019s2018 ag a ob 000 0 spa d | ||
| 035 | |a (OCoLC)1282641636 | ||
| 040 | |a DGITA |b eng |e rda |e pn |c DGITA | ||
| 020 | |a 9789877601114 |q eBook | ||
| 050 | 1 | 4 | |a LB1050 ebook |
| 082 | 0 | 4 | |a 418.4071 |
| 245 | 0 | 0 | |a Prácticas de lectura y escritura en la era digital / |c Denise Hernández y Hernández [and 2 others], coordinadores. |
| 250 | |a 1a edición. | ||
| 264 | 1 | |a Córdoba : |b Editorial Brujas, |c 2018. | |
| 300 | |a 1 online resource : |b illustrations. | ||
| 336 | |a text |b txt |2 rdacontent | ||
| 337 | |a computer |b c |2 rdamedia | ||
| 338 | |a online resource |b cr |2 rdacarrier | ||
| 347 | |a text file |2 rdaft | ||
| 347 | |b EPUB | ||
| 347 | |b PDF | ||
| 490 | 1 | |a Colección Háblame de TIC ; |v 5 | |
| 504 | |a Includes bibliographical references. | ||
| 588 | 0 | |a Online resource; title from ePub title page (Digitalia, viewed October 19, 2021) | |
| 650 | 0 | |a Reading. | |
| 650 | 0 | |a Writing. | |
| 650 | 0 | |a Information technology in education. | |
| 650 | 0 | |a Educational technology. | |
| 650 | 0 | |a Computer-assisted instruction. | |
| 655 | 0 | |a Electronic books. | |
| 700 | 1 | |a Hernández y Hernández, Denise, |e editor. | |
| 791 | 2 | |a Digitalia (Firm), |e distributor. | |
| 793 | 0 | |g Digitalia eBook Collection: |a Editorial Brujas | |
| 830 | 0 | |a Háblame de TIC ; |v 5. | |
| 856 | 4 | 0 | |3 Digitalia Hispánica |u https://digitalia.unach.elogim.com/a/58640/ |
| 910 | |a Premium collection: 2021 | ||